000 00771nam a22002777a 4500
008 130630b xxu||||| |||| 00| 0 eng d
020 _a81-219-1441-8
024 _cAvailable
037 _cAvailable
040 _aMBSTU LIBRARY
_dMBSTU LIBRARY
082 _222
_a543.5 MUO
100 _aMurugeshan, R.
110 _aKiruthiga Sivaprasath.
245 _aOptics and spectroscopy.
250 _a1st
260 _aNew Delhi
_bS.Chand and Company.
_c1997
300 _a24 cm.
_bxiv, 489 page
_f9
_g24 cm.
600 _2Spectroscopy.
650 _2Spectroscopy.
700 _aMurugeshan, R.
710 _aKiruthiga Sivaprasath.
270 _aNew Delhi
_bNew Delhi
_dIndia
365 _b331.00
_d331.00
942 _2ddc
_cBK
999 _c549
_d549